000 00417nam a2200181Ia 4500
001 1710
005 20260306143748.0
008 260306t1968||||xx |||||||||||||| ||spa||
041 _aESP
082 _a155.2
_bD31
100 _aDavid, Henry P.
_eAUT
245 0 _aTeorías de la personalidad
260 _c1968
300 _a413 páginas :
_c22 cm.
650 _aGEN
654 _aCPS
942 _cLIB
_dJUS
_fJUS
_2ddc
_n
999 _c1710
_d1710